000 00470nam a22001817a 4500
003 MPLRDC
005 20220104174905.0
008 210129b ||||| |||| 00| 0 eng d
020 _a967-67-1328-7
082 _a524.958 HIN-2 v.1 1992
100 _aTAN BOON HIN
245 _aPENGAJIAN AM KENEGARAAN MALAYSIA KERTAS 1 STPM
_c
250 _a第一版
260 _a
_bPUSTAKA DELTA PELAJA
_c1992
300 _b
650 _a
942 _cBK
_o524.958 HIN-2 v.1 1992
999 _c60085
_d60075